000 00299nam a2200109Ia 4500
008 200302s9999 xx 000 0 und d
100 _aMiyoung Pyo
245 _aConstruction and Design Manual Architectural and Program Diagrams 2
260 _bDom Publishing Co.,
260 _c2013
300 _a415 P.,
999 _c3166
_d3166